| 000 | 00969nam a2200265 i 4500 | ||
|---|---|---|---|
| 001 | 12290 | ||
| 003 | KOSZ 005 | ||
| 005 | 20201103101258.0 | ||
| 008 | 071106s1968 pl a f 001 0 pol | ||
| 015 | _aPB 1968/4998 | ||
| 040 |
_aWA N _cKOSZ 005/RW _dKOSZ 005/RW |
||
| 080 | _a621.318:538 | ||
| 100 | 1 |
_aWadas, Romuald Sławomir _d(1929-1991) _eAutor |
|
| 245 | 1 | 0 |
_aFerrimagnetyzm / _cRomuald Wadas ; Instytut Technologii Elektronowej Polskiej Akademii Nauk. |
| 260 |
_aWarszawa : _bPaństwowe Wydawnictwo Naukowe, _c1968. |
||
| 300 |
_a386, [2] s. : _bil. ; _c25 cm. |
||
| 380 | _aKsiążki. | ||
| 490 | 1 |
_aBiblioteka Elektroniki ; _v6. |
|
| 504 | _aBibliogr. s. 375-[383]. Indeks. | ||
| 650 | 4 | _aFerrimagnetyki. | |
| 710 | 2 |
_aPaństwowe Wydawnictwo Naukowe _4pbl. |
|
| 830 | 0 |
_aBiblioteka Elektroniki, _v6. |
|
| 856 |
_uhttp://koha.tu.koszalin.pl/cgi-bin/koha/opac-detail.pl?biblionumber=12290 _yKatalog online BPK |
||
| 942 |
_2UKD _cKS |
||
| 999 |
_c12290 _d12290 |
||